000 02445nam a22002537a 4500
008 160115b xxu||||| |||| 00| 0 eng d
020 _a9780030994319
082 _22010
_aDK12 510
_bM426
245 _aMathematics :
_bcourse 1 /
_cJennie M. Bennett...[and 8 more].
250 _aTeacher's edition.
260 _aAustin, Texas :
_bHolt McDougal,
_cc 2010.
300 _axxiii, 818 pages :
_bcolored illustration ;
_c30 cm.
500 _aIncludes glossary and index.
650 0 _91738
_aMathematics
700 _91739
_aBurger, Edward B., jt. au.
700 _91740
_aChard, David J., jt. au.
700 _91741
_aHall, Earlene J., jt. au.
700 _91742
_aKennedy, Paul A., jt. au.
700 _91743
_aRenfro, Freddie L., jt. au.
700 _91744
_aRoby, Tom W., jt. au.
700 _91745
_aScheer, Janet K., jt. au.
700 _91746
_aWaits, Bert K., jt. au.
942 _2ddc
_cBK
999 _c653
_d653